Quiet crisis in India; (Record no. 1789)
[ view plain ]
| 000 -LEADER | |
|---|---|
| fixed length control field | 00844nac a22002051u 4500 |
| 082 00 - DEWEY DECIMAL CLASSIFICATION NUMBER | |
| Classification number | 338.954 |
| Item number | L6731 |
| 090 ## - LOCALLY ASSIGNED LC-TYPE CALL NUMBER (OCLC); LOCAL CALL NUMBER (OCLC) | |
| -- | 1789 |
| -- | 1789 |
| 100 ## - MAIN ENTRY--PERSONAL NAME | |
| Personal name | Lewis, John Prior. |
| 245 10 - TITLE STATEMENT | |
| Title | Quiet crisis in India; |
| Remainder of title | economic development and American policy, |
| Statement of responsibility, etc | by John P. Lewis. |
| 260 ## - PUBLICATION, DISTRIBUTION, ETC. (IMPRINT) | |
| Place of publication, distribution, etc | New York : |
| Name of publisher, distributor, etc | Anchor books, |
| Date of publication, distribution, etc | c1964. |
| 300 ## - PHYSICAL DESCRIPTION | |
| Extent | xiii, 383 p. |
| Dimensions | 22 cm. |
| 500 ## - GENERAL NOTE | |
| General note | Reprint of the ed. published by Brookings Institution, Washington. |
| 500 ## - GENERAL NOTE | |
| General note | Donations |
| 500 ## - GENERAL NOTE | |
| General note | Donations - Dr. Mostafa Gouda |
| 504 ## - BIBLIOGRAPHY, ETC. NOTE | |
| Bibliography, etc | Includes bibliographical references. |
| 650 #0 - SUBJECT ADDED ENTRY--TOPICAL TERM | |
| Topical term or geographic name as entry element | Economic assistance, American |
| Geographic subdivision | India. |
| 651 #0 - SUBJECT ADDED ENTRY--GEOGRAPHIC NAME | |
| Geographic name | India |
| General subdivision | Economic policy. |
| 942 ## - ADDED ENTRY ELEMENTS (KOHA) | |
| Item type | Book - Borrowing |
| Call number prefix | 338.954L6731 |
| Withdrawn status | Item status | Damaged status | Not for loan | Home library | Current library | Shelving location | Date acquired | Source of acquisition | Total Checkouts | Total Renewals | Full call number | Barcode | Date last seen | Date last borrowed | Koha item type |
|---|---|---|---|---|---|---|---|---|---|---|---|---|---|---|---|
| Central Library | Central Library | First floor | 06/12/2014 | Purchase | 2 | 4 | 338.954 LEW | 000002528 | 15/07/2025 | 11/03/2013 | Book - Borrowing |